00277nam a2200097Ia 4500008004100000100003200041245004600073260003300119300000900152650001800161190216s9999||||xx |||||||||||||| ||und|| aPublication Division Author 0aRehearsals(An Anthology Of One-Act Plays) bUniversity Of Calicutc1994 a125p aEnglish Drama